|
|
|
|
| LEADER |
00000naa0a2200000 4500 |
| 001 |
657314 |
| 005 |
20260128141948.0 |
| 035 |
|
|
|a (RuTPU)RU\TPU\network\23816
|
| 035 |
|
|
|a RU\TPU\network\23815
|
| 090 |
|
|
|a 657314
|
| 100 |
|
|
|a 20180123d2017 k||y0rusy50 ca
|
| 101 |
0 |
|
|a rus
|
| 102 |
|
|
|a RU
|
| 135 |
|
|
|a drcn ---uucaa
|
| 181 |
|
0 |
|a i
|
| 182 |
|
0 |
|a b
|
| 200 |
1 |
|
|a Студенческий центр управления полетами космических аппаратов в Томском политехническом университете
|d Student center management space missions in Tomsk Politechnic University
|f А. Н. Голиков [и др.]
|g науч. рук. В. Н. Бориков
|
| 203 |
|
|
|a Текст
|c электронный
|b визуальный
|
| 225 |
1 |
|
|a Технические науки
|
| 225 |
1 |
|
|a Актуальные проблемы приборостроения
|
| 300 |
|
|
|a Заглавие с экрана
|
| 320 |
|
|
|a Библиогр.: 8 назв
|
| 463 |
|
1 |
|t Студенческий научный форум 2017
|o IX Международная студенческая научная конференция, Москва, 15 февраля-30 марта 2017 г.
|v 6 с.
|d 2017
|
| 510 |
1 |
|
|a Student center management space missions in Tomsk Politechnic University
|z eng
|
| 610 |
1 |
|
|a электронный ресурс
|
| 610 |
1 |
|
|a труды учёных ТПУ
|
| 610 |
1 |
|
|a малошумящие усилители
|
| 610 |
1 |
|
|a частота
|
| 610 |
1 |
|
|a спутники
|
| 610 |
1 |
|
|a трансиверы
|
| 610 |
1 |
|
|a ретрансляторы
|
| 701 |
|
1 |
|a Голиков
|b А. Н.
|c специалист в области точного приборостроения
|c доцент Томского политехнического университета
|c выпускник ТПИ 1973 г.
|f 1949-
|g Алексей Никандрович
|3 (RuTPU)RU\TPU\pers\26588
|9 12271
|
| 701 |
|
1 |
|a Дружинин
|b К. П.
|g Константин Петрович
|
| 701 |
|
1 |
|a Кан
|b Д. В.
|g Дмитрий Викторович
|
| 701 |
|
1 |
|a Руденков
|b Д. Е.
|g Дмитрий Евгеньевич
|
| 701 |
|
1 |
|a Рудьковский
|b Д. Н.
|g Данил Николаевич
|
| 701 |
|
1 |
|a Стасевский
|b В. И.
|c специалист в области приборостроения
|c лаборант Томского политехнического университета
|f 1994-
|g Виктор Игоревич
|9 16814
|
| 702 |
|
1 |
|a Бориков
|b В. Н.
|c специалист в области машиностроения
|c доцент Томского политехнического университета, кандидат технических наук
|f 1963-
|g Валерий Николаевич
|4 727
|
| 801 |
|
2 |
|a RU
|b 63413507
|c 20180123
|g RCR
|
| 850 |
|
|
|a 63413507
|
| 856 |
4 |
0 |
|u https://www.scienceforum.ru/2017/2358/33881
|z https://www.scienceforum.ru/2017/2358/33881
|
| 942 |
|
|
|c CF
|